00430nam a2200169Ia 4500003000400000008004100004040001600045082001300061100001400074245004600088260004200134300001000176490002500186650001500211650001200226650002200238GCL140319s9999 xx 000 0 eng d aGCL / cGCL04a843bC S1 aCORNEILLE10aSURENA GENERAL DES PERTHRES / cCORNEILLE a[S.N] : bLE LIVRE DE POCHE ، c1993 a158 P aLE LIVRE DE POCHEv004aLITERATURE04aTHEATER04aFRENCH LITERATURE